| 000 | 00432nam a22001571a 4500 | ||
|---|---|---|---|
| 001 | 11132 | ||
| 003 | OSt | ||
| 005 | 20260204212229.0 | ||
| 008 | 110430s2010||||dr ||||||b||||||||||spa|| | ||
| 050 | _aRD 334.7293 M469c | ||
| 245 | _aLa media cara del cooperativismo dominicano / Juan Almanzar [et-al] | ||
| 264 | _aSanto Domingo : Universal | ||
| 300 | _a152 p | ||
| 650 | _aCooperativas - República DominicanaÌ | ||
| 942 |
_2ddc _cBK |
||
| 999 |
_c11132 _d11132 |
||